000 00543nam a2200133Ia 4500
008 220620s9999||||xx |||||||||||||| ||und||
022 _a16648714
100 _aAngelo Cangelosi||Giosue Baggio||Mila Vulchanova||Linda Smith
245 0 _aLanguage Development in the Digital Age
546 _aEnglish[eng]
650 _adigital environments||language development||robotics||learning mechanisms||situated and embodied cognition
856 _uhttps://www.frontiersin.org/research-topics/4776/language-development-in-the-digital-age
942 _cEB
999 _c34063
_d34063